|
|
|
|
| LEADER |
00000cam a2200000 7i4500 |
| 001 |
0000278129 |
| 005 |
20201202142816.0 |
| 020 |
|
|
|a 9786164510272
|
| 090 |
0 |
0 |
|a 299.591
|b BRA
|
| 100 |
1 |
|
|a Brac De La Perriere, Benedicte
|
| 245 |
1 |
0 |
|a Bobogyi :
|b a burmese spiritual figure
|c Benedicte Brac De La Perriere and Cristophe Munier-Gaillard
|
| 260 |
|
|
|a Bangkok :
|b River Books ,
|c 2019
|
| 300 |
|
|
|a 80p. :
|b col.,photo ;
|c 24cm.
|
| 650 |
|
0 |
|a Spirits (Buddhism)
|
| 651 |
|
0 |
|a Burma
|x Religious life and customs
|
| 700 |
1 |
|
|a Munier-Gaillard, Cristophe
|
| 999 |
|
|
|a 00384591
|b BUKU
|c PINJAMAN
|e PERPUSTAKAAN KOMUNITI PETALING JAYA
|